[Event "Deutsche Ländermeisterschaft 2024"]
[Site "Tübingen GER"]
[Date "2024.10.04"]
[Round "4"]
[White "Liebold, Aaron"]
[Black "Semling, Julius"]
[Result "1-0"]
[Termination "normal"]
[Board "7.1"]
[WhiteElo "2058"]
[BlackElo "2233"]
[WhiteClock "00:14:52"]
[BlackClock "00:26:06"]
[WhiteTeam "Thüringen"]
[BlackTeam "SG Baden / Württemberg"]
[PlyCount "145"]
[WhiteFideId "12997846"]
[BlackFideId "16290160"]
[EventCountry "GER"]
[EventRounds "7"]
[EventType "team-swiss"]
[EventDate "2024.10.02"]

1. e4 {[%clk 01:30:58]} {[%emt 00:00:02]} c5 {[%clk 01:30:53]} {[%emt
00:00:07]} 2. Nf3 {[%clk 01:31:24]} {[%emt 00:00:04]} d6 {[%clk 01:31:14]}
{[%emt 00:00:09]} 3. d4 {[%clk 01:31:49]} {[%emt 00:00:05]} cxd4 {[%clk
01:31:34]} {[%emt 00:00:10]} 4. Qxd4 {[%clk 01:32:15]} {[%emt 00:00:03]} Nc6
{[%clk 01:31:45]} {[%emt 00:00:19]} 5. Bb5 {[%clk 01:32:41]} {[%emt 00:00:04]}
Bd7 {[%clk 01:31:58]} {[%emt 00:00:17]} 6. Qd3 {[%clk 01:32:38]} {[%emt
00:00:33]} Nf6 {[%clk 01:30:18]} {[%emt 00:02:11]} 7. c4 {[%clk 01:32:32]}
{[%emt 00:00:36]} g6 {[%clk 01:28:58]} {[%emt 00:01:50]} 8. Nc3 {[%clk
01:32:36]} {[%emt 00:00:26]} Bg7 {[%clk 01:28:37]} {[%emt 00:00:51]} 9. O-O
{[%clk 01:32:59]} {[%emt 00:00:07]} O-O {[%emt 00:01:03]} 10. h3 {[%clk
01:32:19]} {[%emt 00:01:08]} a6 {[%clk 01:26:10]} {[%emt 00:02:25]} 11. Bxc6
{[%clk 01:31:22]} {[%emt 00:01:27]} Bxc6 {[%clk 01:25:48]} {[%emt 00:00:51]}
12. Nd4 {[%clk 01:31:45]} {[%emt 00:00:06]} Be8 {[%clk 01:22:33]} {[%emt
00:03:46]} 13. Be3 {[%clk 01:29:54]} {[%emt 00:02:21]} Rc8 {[%clk 01:20:32]}
{[%emt 00:02:32]} 14. Rac1 {[%clk 01:28:48]} {[%emt 00:01:36]} Nd7 {[%clk
01:18:54]} {[%emt 00:02:08]} 15. b3 {[%clk 01:27:13]} {[%emt 00:02:05]} Nc5
{[%clk 01:17:33]} {[%emt 00:01:51]} 16. Qd2 {[%clk 01:26:11]} {[%emt 00:01:32]}
Bd7 {[%clk 01:13:42]} {[%emt 00:04:21]} 17. Rfd1 {[%clk 01:22:32]} {[%emt
00:04:09]} Re8 {[%clk 01:11:34]} {[%emt 00:02:38]} 18. f3 {[%clk 01:16:52]}
{[%emt 00:06:10]} Rb8 {[%clk 01:02:39]} {[%emt 00:09:25]} 19. b4 {[%clk
00:54:29]} {[%emt 00:22:54]} Na4 {[%clk 00:57:36]} {[%emt 00:05:33]} 20. Nd5
{[%clk 00:54:14]} {[%emt 00:00:44]} e6 {[%clk 00:52:05]} {[%emt 00:06:01]} 21.
Nc3 {[%clk 00:54:11]} {[%emt 00:00:33]} Nxc3 {[%clk 00:46:58]} {[%emt
00:05:38]} 22. Rxc3 {[%clk 00:48:40]} {[%emt 00:06:00]} d5 {[%clk 00:39:24]}
{[%emt 00:08:04]} 23. exd5 {[%clk 00:47:14]} {[%emt 00:01:56]} exd5 {[%clk
00:39:45]} {[%emt 00:00:09]} 24. c5 {[%clk 00:38:15]} {[%emt 00:09:28]} Ba4
{[%clk 00:37:40]} {[%emt 00:02:34]} 25. Rdc1 {[%clk 00:36:16]} {[%emt
00:02:30]} Qh4 {[%clk 00:35:17]} {[%emt 00:02:53]} 26. Rd3 {[%clk 00:34:37]}
{[%emt 00:02:08]} Bd7 {[%clk 00:29:24]} {[%emt 00:06:25]} 27. Ne2 {[%clk
00:26:46]} {[%emt 00:08:21]} h6 {[%clk 00:18:58]} {[%emt 00:10:56]} 28. Bf2
{[%clk 00:22:12]} {[%emt 00:05:03]} Qe7 {[%emt 00:06:45]} 29. Nf4 {[%clk
00:17:26]} {[%emt 00:00:27]} Bb5 {[%clk 00:14:28]} {[%emt 00:03:35]} 30. Nxd5
{[%clk 00:11:27]} {[%emt 00:06:29]} Qe2 {[%clk 00:13:35]} {[%emt 00:01:23]} 31.
Nf4 {[%clk 00:10:30]} {[%emt 00:01:26]} Qxd2 {[%clk 00:12:23]} {[%emt
00:01:44]} 32. Rxd2 {[%clk 00:10:57]} {[%emt 00:00:02]} Rbd8 {[%clk 00:10:41]}
{[%emt 00:02:11]} 33. Rdd1 {[%clk 00:07:46]} {[%emt 00:03:41]} Ba4 {[%clk
00:09:14]} {[%emt 00:01:58]} 34. Rxd8 {[%clk 00:06:37]} {[%emt 00:01:39]} Rxd8
{[%clk 00:09:43]} {[%emt 00:00:01]} 35. Be3 {[%clk 00:06:51]} {[%emt 00:00:15]}
Bb2 {[%clk 00:08:14]} {[%emt 00:02:00]} 36. Rc4 {[%clk 00:03:16]} {[%emt
00:04:04]} Bb5 {[%clk 00:07:40]} {[%emt 00:01:05]} 37. Re4 {[%clk 00:02:46]}
{[%emt 00:01:00]} Bc6 {[%clk 00:06:23]} {[%emt 00:01:47]} 38. Rc4 {[%clk
00:02:48]} {[%emt 00:00:27]} Bb5 {[%clk 00:04:59]} {[%emt 00:01:55]} 39. Re4
{[%clk 00:01:52]} {[%emt 00:01:25]} Kf8 {[%clk 00:02:51]} {[%emt 00:02:39]} 40.
Kf2 {[%clk 00:00:36]} {[%emt 00:01:45]} g5 {[%clk 00:01:06]} {[%emt 00:02:16]}
41. Ne2 {[%clk 00:20:03]} {[%emt 00:11:02]} Bd3 {[%clk 00:28:56]} {[%emt
00:02:41]} 42. Rd4 {[%clk 00:16:45]} {[%emt 00:03:47]} Bxd4 {[%clk 00:29:07]}
{[%emt 00:00:20]} 43. Nxd4 {[%clk 00:17:14]} {[%emt 00:00:02]} Rd5 {[%clk
00:27:01]} {[%emt 00:02:36]} 44. g4 {[%clk 00:14:52]} {[%emt 00:02:52]} Ke7
{[%clk 00:26:06]} 45. Kg3 {[%clk 00:14:52]} Kf6 {[%clk 00:26:06]} 46. f4 {[%clk
00:14:52]} gxf4+ {[%clk 00:26:06]} 47. Kxf4 {[%clk 00:14:52]} Re5 {[%clk
00:26:06]} 48. a3 {[%clk 00:14:52]} h5 {[%clk 00:26:06]} 49. Nf5 {[%clk
00:14:52]} Re4+ {[%clk 00:26:06]} 50. Kf3 {[%clk 00:14:52]} hxg4+ {[%clk
00:26:06]} 51. hxg4 {[%clk 00:14:52]} Re6 {[%clk 00:26:06]} 52. Bd4+ {[%clk
00:14:52]} Kg6 {[%clk 00:26:06]} 53. Nd6 {[%clk 00:14:52]} Bb5 {[%clk
00:26:06]} 54. Kf4 {[%clk 00:14:52]} Re2 {[%clk 00:26:06]} 55. Nxb7 {[%clk
00:14:52]} Ra2 {[%clk 00:26:06]} 56. Nd6 {[%clk 00:14:52]} Bc6 {[%clk
00:26:06]} 57. Nc4 {[%clk 00:14:52]} f6 {[%clk 00:26:06]} 58. Na5 {[%clk
00:14:52]} Bd5 {[%clk 00:26:06]} 59. g5 {[%clk 00:14:52]} fxg5+ {[%clk
00:26:06]} 60. Ke5 {[%clk 00:14:52]} Bf3 {[%clk 00:26:06]} 61. c6 {[%clk
00:14:52]} Rxa3 {[%clk 00:26:06]} 62. c7 {[%clk 00:14:52]} Bg4 {[%clk
00:26:06]} 63. Kd5 {[%clk 00:14:52]} Kf7 {[%clk 00:26:06]} 64. Nc6 {[%clk
00:14:52]} Ra4 {[%clk 00:26:06]} 65. Ne5+ {[%clk 00:14:52]} Ke7 {[%clk
00:26:06]} 66. Bc5+ {[%clk 00:14:52]} Ke8 {[%clk 00:26:06]} 67. Nxg4 {[%clk
00:14:52]} Kd7 {[%clk 00:26:06]} 68. Bd6 {[%clk 00:14:52]} Ra2 {[%clk
00:26:06]} 69. Ne5+ {[%clk 00:14:52]} Kc8 {[%clk 00:26:06]} 70. Kc6 {[%clk
00:14:52]} Rc2+ {[%clk 00:26:06]} 71. Bc5 {[%clk 00:14:52]} a5 {[%clk
00:26:06]} 72. Nf7 {[%clk 00:14:52]} Rd2 {[%clk 00:26:06]} 73. b5 {[%clk
00:14:52]} 1-0

[Event "Deutsche Ländermeisterschaft 2024"]
[Site "Tübingen GER"]
[Date "2024.10.04"]
[Round "4"]
[White "Wang, Enya Marie"]
[Black "Meitzner, Jonathan Franz"]
[Result "0-1"]
[Termination "normal"]
[Board "7.6"]
[WhiteElo "1610"]
[BlackElo "1845"]
[WhiteClock "00:22:16"]
[BlackClock "00:21:50"]
[WhiteTeam "SG Baden / Württemberg"]
[BlackTeam "Thüringen"]
[PlyCount "150"]
[WhiteFideId "34660330"]
[BlackFideId "34616110"]
[EventCountry "GER"]
[EventRounds "7"]
[EventType "team-swiss"]
[EventDate "2024.10.02"]

1. e4 {[%clk 01:30:59]} {[%emt 00:00:01]} c5 {[%clk 01:30:47]} {[%emt
00:00:13]} 2. c3 {[%clk 01:31:22]} {[%emt 00:00:06]} Nf6 {[%clk 01:30:59]}
{[%emt 00:00:18]} 3. e5 {[%clk 01:31:44]} {[%emt 00:00:08]} Nd5 {[%clk
01:31:19]} {[%emt 00:00:11]} 4. Nf3 {[%clk 01:32:02]} {[%emt 00:00:12]} e6
{[%clk 01:31:28]} {[%emt 00:00:20]} 5. Bc4 {[%clk 01:31:59]} {[%emt 00:00:34]}
Nb6 {[%clk 01:31:45]} {[%emt 00:00:13]} 6. Bb3 {[%clk 01:32:11]} {[%emt
00:00:18]} Be7 {[%clk 01:31:27]} {[%emt 00:00:47]} 7. O-O {[%clk 01:32:01]}
{[%emt 00:00:40]} O-O {[%clk 01:31:49]} {[%emt 00:00:09]} 8. d4 {[%clk
01:30:55]} {[%emt 00:01:35]} cxd4 {[%clk 01:31:08]} {[%emt 00:01:11]} 9. Nxd4
{[%clk 01:31:17]} {[%emt 00:00:07]} d6 {[%clk 01:24:08]} {[%emt 00:07:30]} 10.
Bf4 {[%clk 01:25:46]} {[%emt 00:06:02]} dxe5 {[%clk 01:21:34]} {[%emt
00:03:04]} 11. Bxe5 {[%clk 01:24:34]} {[%emt 00:01:41]} N8d7 {[%clk 01:21:11]}
{[%emt 00:00:52]} 12. Bg3 {[%clk 01:22:49]} {[%emt 00:02:16]} Nf6 {[%clk
01:18:18]} {[%emt 00:03:12]} 13. Nd2 {[%clk 01:21:00]} {[%emt 00:02:30]} a6
{[%clk 01:12:59]} {[%emt 00:05:48]} 14. Re1 {[%clk 01:19:49]} {[%emt 00:01:40]}
Nbd5 {[%clk 01:08:00]} {[%emt 00:05:31]} 15. Bc2 {[%clk 01:17:41]} {[%emt
00:02:38]} Qd7 {[%clk 01:04:01]} {[%emt 00:04:26]} 16. N2f3 {[%clk 01:16:11]}
{[%emt 00:02:03]} Bd6 {[%clk 01:00:46]} {[%emt 00:03:45]} 17. Bxd6 {[%clk
01:13:31]} {[%emt 00:03:11]} Qxd6 {[%clk 00:58:37]} {[%emt 00:02:39]} 18. Qd2
{[%clk 01:11:48]} {[%emt 00:02:12]} b5 {[%clk 00:56:03]} {[%emt 00:03:03]} 19.
a4 {[%clk 01:08:09]} {[%emt 00:04:10]} b4 {[%clk 00:51:31]} {[%emt 00:05:01]}
20. Ne2 {[%clk 01:00:22]} {[%emt 00:08:19]} bxc3 {[%clk 00:45:33]} {[%emt
00:06:28]} 21. Nxc3 {[%clk 00:59:12]} {[%emt 00:01:40]} Bb7 {[%clk 00:44:56]}
{[%emt 00:01:05]} 22. Ng5 {[%clk 00:55:56]} {[%emt 00:03:47]} Qb4 {[%clk
00:36:39]} {[%emt 00:08:46]} 23. Nce4 {[%clk 00:50:28]} {[%emt 00:05:51]} Nxe4
{[%clk 00:30:32]} {[%emt 00:06:45]} 24. Qxb4 {[%clk 00:49:23]} {[%emt
00:01:35]} Nxb4 {[%clk 00:30:47]} {[%emt 00:00:16]} 25. Bxe4 {[%clk 00:49:28]}
{[%emt 00:00:25]} Bxe4 {[%clk 00:30:42]} {[%emt 00:00:35]} 26. Rxe4 {[%clk
00:49:40]} {[%emt 00:00:18]} Rab8 {[%clk 00:30:31]} {[%emt 00:00:37]} 27. Rd1
{[%clk 00:40:33]} {[%emt 00:09:37]} Nc2 {[%clk 00:23:54]} {[%emt 00:07:05]} 28.
Rb1 {[%clk 00:32:02]} {[%emt 00:09:07]} Na3 {[%clk 00:19:55]} {[%emt 00:04:28]}
29. Rd1 {[%clk 00:23:18]} {[%emt 00:09:08]} Rxb2 {[%clk 00:19:57]} {[%emt
00:00:34]} 30. h3 {[%clk 00:22:27]} {[%emt 00:01:20]} h6 {[%clk 00:17:43]}
{[%emt 00:02:46]} 31. Nf3 {[%clk 00:21:59]} {[%emt 00:00:59]} Rc8 {[%clk
00:13:58]} {[%emt 00:04:14]} 32. Red4 {[%clk 00:18:33]} {[%emt 00:03:56]} Rb1
{[%clk 00:11:50]} {[%emt 00:02:39]} 33. Rxb1 {[%clk 00:18:24]} {[%emt
00:00:39]} Nxb1 {[%clk 00:11:55]} {[%emt 00:00:24]} 34. Rd6 {[%clk 00:17:39]}
{[%emt 00:01:15]} a5 {[%clk 00:10:43]} {[%emt 00:01:43]} 35. Ra6 {[%clk
00:16:20]} {[%emt 00:01:48]} Rc5 {[%clk 00:10:43]} {[%emt 00:00:26]} 36. Nd4
{[%clk 00:15:46]} {[%emt 00:01:08]} Rc4 {[%clk 00:09:38]} {[%emt 00:01:34]} 37.
Nc6 {[%clk 00:14:50]} {[%emt 00:01:26]} Rxa4 {[%clk 00:09:49]} {[%emt
00:00:20]} 38. Rxa5 {[%clk 00:15:07]} {[%emt 00:00:12]} Rxa5 {[%clk 00:10:06]}
{[%emt 00:00:14]} 39. Nxa5 {[%clk 00:15:30]} {[%emt 00:00:07]} Nc3 {[%clk
00:10:19]} {[%emt 00:00:17]} 40. Nc4 {[%clk 00:15:39]} {[%emt 00:00:21]} Kf8
{[%clk 00:10:21]} {[%emt 00:00:29]} 41. Kf1 {[%clk 00:15:36]} {[%emt 00:00:33]}
Ke7 {[%clk 00:10:12]} {[%emt 00:00:37]} 42. Ke1 {[%clk 00:13:19]} {[%emt
00:02:48]} Kf6 {[%clk 00:09:49]} 43. Kd2 {[%clk 00:13:04]} {[%emt 00:01:37]}
Nd5 {[%clk 00:10:04]} 44. Ne3 {[%clk 00:13:04]} Nxe3 {[%clk 00:10:04]} 45. Kxe3
{[%clk 00:13:04]} Kg5 {[%clk 00:10:04]} 46. Ke4 {[%clk 00:13:04]} f6 {[%clk
00:10:04]} 47. g3 {[%clk 00:13:04]} h5 {[%clk 00:10:04]} 48. f3 {[%clk
00:13:04]} Kh6 {[%clk 00:10:04]} 49. Kf4 {[%clk 00:13:04]} h4 {[%clk 00:10:04]}
50. g4 {[%clk 00:13:04]} g5+ {[%clk 00:10:04]} 51. Ke4 {[%clk 00:13:04]} Kg6
{[%clk 00:10:04]} 52. Kd4 {[%clk 00:13:04]} Kg7 {[%clk 00:10:04]} 53. Ke4
{[%clk 00:13:04]} Kf7 {[%clk 00:10:04]} 54. f4 {[%clk 00:13:04]} Ke7 {[%clk
00:10:04]} 55. fxg5 {[%clk 00:13:04]} fxg5 {[%clk 00:10:04]} 56. Kd4 {[%clk
00:13:04]} e5+ {[%clk 00:10:04]} 57. Ke4 {[%clk 00:13:04]} Ke6 {[%clk
00:10:04]} 58. Ke3 {[%clk 00:13:04]} Kd5 {[%clk 00:10:04]} 59. Kd3 {[%clk
00:13:04]} e4+ {[%clk 00:10:04]} 60. Ke3 {[%clk 00:13:04]} Ke5 {[%clk
00:10:04]} 61. Ke2 {[%clk 00:13:04]} Kf4 {[%clk 00:10:04]} 62. Kf2 {[%clk
00:13:04]} e3+ {[%clk 00:10:04]} 63. Ke2 {[%clk 00:13:04]} Ke4 {[%clk
00:10:04]} 64. Ke1 {[%clk 00:13:04]} Kf3 {[%clk 00:10:04]} 65. Kf1 {[%clk
00:13:04]} Kg3 {[%clk 00:10:04]} 66. Ke2 {[%clk 00:13:04]} Kxh3 {[%clk
00:10:04]} 67. Kxe3 {[%clk 00:13:04]} Kxg4 {[%clk 00:10:04]} 68. Kf2 {[%clk
00:13:04]} Kf4 {[%clk 00:10:04]} 69. Kg2 {[%clk 00:13:04]} g4 {[%clk 00:10:04]}
70. Kh2 {[%clk 00:13:04]} Kf3 {[%clk 00:10:04]} 71. Kh1 {[%clk 00:13:04]} Kf2
{[%clk 00:10:04]} 72. Kh2 {[%clk 00:13:04]} g3 {[%clk 00:10:04]} 73. Kh1 {[%clk
00:21:58]} {[%emt 01:10:09]} g2+ {[%clk 00:21:41]} {[%emt 00:00:03]} 74. Kh2
{[%clk 00:22:16]} {[%emt 00:00:12]} g1=Q {[%emt 00:00:09]} 75. Kh3 {[%emt
00:00:06]} Qg3+ {[%clk 00:21:50]} {[%emt 00:00:05]} 0-1